Sports Quiz

Random Sports or WWE Quiz
Score 0/17 Timer 02:00
0 Plays Today
Match Type Wrestler % Correct
Match 7 - Steel Cage Match for the WWE ChampionshipTriple H
96.3%
Match 5 - Singles Match for the Vacant World Heavyweight ChampionshipEdge
96%
Match 7 - Steel Cage Match for the WWE ChampionshipRandy Orton
95.7%
Match 5 - Singles Match for the Vacant World Heavyweight ChampionshipThe Undertaker
93.3%
Match 1 - Singles MatchJohn Cena
91.7%
Match 1 - Singles MatchJohn Bradshaw Layfield
89%
Match 2 - Tag Team Match for the WWE Tag Team ChampionshipKane
86.3%
Match 4 - Triple Threat Match for the WWE Women's ChampionshipBeth Phoenix
86.3%
Match 2 - Tag Team Match for the WWE Tag Team ChampionshipThe Miz
86%
Match Type Wrestler % Correct
Match 3 - Singles MatchShawn Michaels
86%
Match 2 - Tag Team Match for the WWE Tag Team ChampionshipJohn Morrison
85.7%
Match 3 - Singles MatchChris Jericho
85.7%
Match 6 - Singles MatchJeff Hardy
85.7%
Match 4 - Triple Threat Match for the WWE Women's ChampionshipMickie James
84.7%
Match 4 - Triple Threat Match for the WWE Women's ChampionshipMelina
84.7%
Match 2 - Tag Team Match for the WWE Tag Team ChampionshipCM Punk
84%
Match 6 - Singles MatchMontel Vontavious Porter
76.3%
Remove Ads.
Support Sporcle.
Get the best of Sporcle when you Go Orange. This ad-free experience offers more features, more stats, and more fun while also helping to support Sporcle. Thank you for becoming a member.

You're not logged in!

Compare scores with friends on all Sporcle quizzes.
OR
Log In

Show Comments

Extras

Top Quizzes Today


Score Distribution

Your Account Isn't Verified!

In order to create a playlist on Sporcle, you need to verify the email address you used during registration. Go to your Sporcle Settings to finish the process.

Report this User

Report this user for behavior that violates our Community Guidelines.

Details: